• 首页
  • 本馆介绍
  • 公告通知
  • 最新文献
  • 馆藏检索
  • 电子资源
  • 读者导购
  • 参考咨询
  • 我的图书馆
  • 登录
  • 详细信息显示
  • 放入我的书架
  • 预约/预借图书
  • 作者相关作品
  • 分类相关作品
  • 丛书相关作品
  • 出版社相关作品

书目信息

  • 表格格式
  • 工作单格式
  • 卡片格式
题名:
赵孟頫行书集字吉语诗词
    
 
作者: 程峰 编
分册:  
出版信息: 上海   上海书画出版社  2020.04
页数: 92页
开本: 29cm
丛书名: 节庆挥毫宝典
单 册:
中图分类: J292.25
科图分类:
主题词: 行书--xing shu--法帖--中国--元代
电子资源:
ISBN: 978-7-5479-2280-4
000 01020nam0 2200241 450
001 2330802114
005 20231126083336.30
010    @a978-7-5479-2280-4@dCNY38.00
100    @a20200612d2020 em y0chiy50 ea
101 0  @achi
102    @aCN@b310000
105    @ay z 000yy
200 1  @a赵孟頫行书集字吉语诗词@Azhao meng fu xing shu ji zi ji yu shi ci@f程峰编
210    @a上海@c上海书画出版社@d2020.04
215    @a92页@d29cm
225 2  @a节庆挥毫宝典@Ajie qing hui hao bao dian
330    @a“节庆挥毫宝典”系列以春节、端午节、儿童节、重阳节、国庆节、中秋节为主题, 集名家名帖之字, 一家一帖集成一书, 幅式参考涵盖了团扇、对联、斗方、中堂、条幅等, 其内容又以类相从编排, 不仅从形式到内容上有力地保证了全书的一致性与连贯性, 更便于读者有针对性地、分门别类地欣赏、临摹、创作之用。本册为赵孟頫行书集字吉语诗词。
410  0 @12001 @a节庆挥毫宝典
606 0  @a行书@Axing shu@x法帖@y中国@z元代
690    @aJ292.25@v5
701  0 @a程峰@Acheng feng@4编
801    @aCN@b山东中教@c20231121
905    @aBZT@dJ292.25@e3
    
    赵孟頫行书集字吉语诗词/程峰编.-上海:上海书画出版社,2020.04
    92页;29cm.-(节庆挥毫宝典)
    
    
    ISBN 978-7-5479-2280-4:CNY38.00
    “节庆挥毫宝典”系列以春节、端午节、儿童节、重阳节、国庆节、中秋节为主题, 集名家名帖之字, 一家一帖集成一书, 幅式参考涵盖了团扇、对联、斗方、中堂、条幅等, 其内容又以类相从编排, 不仅从形式到内容上有力地保证了全书的一致性与连贯性, 更便于读者有针对性地、分门别类地欣赏、临摹、创作之用。本册为赵孟頫行书集字吉语诗词。
●
相关链接 在五车中查询图书 在当当中查询图书 在豆瓣中查询图书


正题名:赵孟頫行书集字吉语诗词     索取号:J292.25/3         预约/预借

序号 登录号 条形码 馆藏地/架位号 状态 备注
1 2001052481   2001052481   中教第一批/山东中教(第一批)/715/ [索取号:J292.25/3] 在馆    
2 2001052482   2001052482   中教第一批/山东中教(第一批)/715/ [索取号:J292.25/3] 在馆    
3 2001052483   2001052483   中教第一批/山东中教(第一批)/715/ [索取号:J292.25/3] 在馆    
4 2001052484   2001052484   中教第一批/山东中教(第一批)/715/ [索取号:J292.25/3] 在馆    
5 2001052485   2001052485   中教第一批/山东中教(第一批)/715/ [索取号:J292.25/3] 在馆    
6 2001052486   2001052486   中教第一批/山东中教(第一批)/715/ [索取号:J292.25/3] 在馆    
山东省滨州职业学院图书馆 欢迎您!
大连网信软件有限公司© 版权所有